000 02383nac a22003731u 4500
008 110322t xxu||||| |||| 00| 0 eng d
010 _a 2004269766
020 _a9810681372
020 _a9789810681371
020 _a9789810683979 (Student access kit)
082 0 0 _a620.105
_bHIB
100 _aHibbeler, R. C.
_922679
245 1 0 _aEngineering Mechanics :
_bDynamics /
_cR.C. Hibbeler.
246 3 0 _aDynamics.
250 _a12th ed.
260 _aUpper Saddle River, NJ :
_bPrentice Hall,2010
_c2010
300 _a xxii, 732 p. :
_bill. (mostly col.) ;
_c25 cm.
500 _aIncludes index.
650 0 _aDynamics
_922678
_xproblems, exercises
650 0 _aDynamics.
_918728
653 _bGen
_cOctober2011
856 _3Online materials
_uhttp://www.masterengineering.com
_zFor obtaining access codes, please call the library on Ext. 1372
942 _cNB
_k620.105 HIB
_2ddc
999 _c15040
_d15040